MARC details
| 000 -LEADER |
| campo de control de longitud fija |
01627nam a22003857 4500 |
| 001 - NÚMERO DE CONTROL |
| campo de control |
195967 |
| 003 - IDENTIFICADOR DE NÚMERO DE CONTROL |
| campo de control |
ES-MaACL |
| 005 - FECHA Y HORA DE LA ÚLTIMA TRANSACCIÓN |
| campo de control |
20250825062656.0 |
| 008 - DATOS DE LONGITUD FIJA--INFORMACIÓN GENERAL |
| campo de control de longitud fija |
240925s1964 sp spa |
| 016 7# - NÚMERO DE CONTROL DE UNA AGENCIA BIBLIOGRÁFICA NACIONAL |
| Número de control del registro |
bimoBNE19983310940 |
| Número de control cancelado/no válido |
IND9200489874 |
| Fuente |
SpMaBN |
| 017 ## - NÚMERO DE COPYRIGHT O DE DEPÓSITO LEGAL |
| Número de copyright o de depósito legal |
M 1945-1964 |
| Agencia que asigna |
Oficina Depósito Legal Madrid |
| 035 ## - NÚMERO DE CONTROL DEL SISTEMA |
| Número de control de sistema |
(OCoLC)434375193 |
| 035 ## - NÚMERO DE CONTROL DEL SISTEMA |
| Número de control de sistema |
(SpMaBN)Mimo0002252475 |
| 035 ## - NÚMERO DE CONTROL DEL SISTEMA |
| Número de control de sistema |
991001425789708606 |
| 040 ## - FUENTE DE CATALOGACIÓN |
| Centro catalogador/agencia de origen |
SpMaBN |
| Lengua de catalogación |
spa |
| Centro/agencia transcriptor |
A2 |
| 080 ## - NÚMERO DE LA CLASIFICACIÓN DECIMAL UNIVERSAL |
| Número de la Clasificación Decimal Universal |
75(46)"18/19" |
| 100 1# - ENTRADA PRINCIPAL--NOMBRE DE PERSONA |
| Nombre de persona |
Larraiza, R. M. |
| Término indicativo de función/relación |
Autor |
| 9 (RLIN) |
237738 |
| 245 13 - MENCIÓN DEL TÍTULO |
| Título |
La pintura española moderna y contemporánea. |
| Número de parte o sección de la obra |
II, |
| Nombre de parte o sección de la obra |
De Nonell al informalismo / |
| Mención de responsabilidad, etc. |
R.M. Larraiza ; texto y selección gráfica de Jorge Larco ; prólogo de Juan Antonio Gaya Nuño |
| 246 ## - FORMA VARIANTE DEL TITULO |
| Título propio/Titulo breve |
De Nonell al informalismo |
| 260 ## - PUBLICACIÓN, DISTRIBUCIÓN, ETC. |
| Lugar de publicación, distribución, etc. |
Madrid : |
| Nombre del editor, distribuidor, etc. |
Castilla, |
| Fecha de publicación, distribución, etc. |
[1964]. |
| 300 ## - DESCRIPCIÓN FÍSICA |
| Extensión |
189 p. : |
| Otras características físicas |
lám. col. ; |
| Dimensiones |
35 cm. |
| 490 1# - MENCIÓN DE SERIE |
| Mención de serie |
La pintura española moderna y contemporánea ; |
| Designación de volumen o secuencia |
2 |
| 650 #7 - PUNTO DE ACCESO ADICIONAL DE MATERIA--TÉRMINO DE MATERIA |
| Término de materia o nombre geográfico como elemento de entrada |
Pintura española- |
| Subdivisión cronológica |
S.XIX |
| 9 (RLIN) |
143830 |
| 650 #4 - PUNTO DE ACCESO ADICIONAL DE MATERIA--TÉRMINO DE MATERIA |
| Término de materia o nombre geográfico como elemento de entrada |
Pintura española- |
| Subdivisión cronológica |
S.XX |
| Fuente del encabezamiento o término |
embne |
| 9 (RLIN) |
16042 |
| 655 #7 - TERMINO DE INDIZACIÓN--GENERO/FORMA |
| Fuente del término |
tgfbne |
| Datos o término principal de género/forma |
Libros ilustrados |
| 9 (RLIN) |
193653 |
| 700 0# - ENTRADA AGREGADA--NOMBRE PERSONAL |
| Nombre de persona |
Gaya Nuño, Juan Antonio, |
| Fechas asociadas al nombre |
1913-1976 |
| 9 (RLIN) |
56130 |
| Término indicativo de función/relación |
Autor de introducción |
| 700 1# - ENTRADA AGREGADA--NOMBRE PERSONAL |
| Nombre de persona |
Larco, Jorge, |
| Fechas asociadas al nombre |
1897-1967 |
| 9 (RLIN) |
70230 |
| Término indicativo de función/relación |
Autor |
| 830 ## - PUNTO DE ACCESO ADICIONAL DE SERIE-TÍTULO UNIFORME |
| 9 (RLIN) |
240025 |
| Título uniforme |
La pintura española moderna y contemporánea ; |
| Designación de volumen o secuencia |
2 |
| 852 ## - LOCALIZACIÓN |
| Ubicación |
ES-MaACL |
| Sublocalización o colección |
R.153057 |
| Ubicación en estantería |
Depósito J |
| Número de control de estantería |
N-9099 |
| Donativo/Legado |
Donación: Carlos d'Ors Führer |
| Encuadernación |
Encuadernación en tela |
| itemnumber |
204100 |
| 903 ## - NOMBRE PERSONAL DE DONANTE |
| 9 |
87369 |
| a |
Ors Führer, Carlos d' |
| e |
Donante |
| 942 ## - ELEMENTOS DE ENTRADA SECUNDARIOS (KOHA) |
| Tipo de ítem Koha |
Libro impreso |